| 000 | 006000000a22001690004500 | ||
|---|---|---|---|
| 090 |
_aAR _b02221 |
||
| 245 | 1 | 0 | _aDeclaratoria del impacto ambiental originado por la producción de carbón vegetal en la cuenca hidrográfica del lago Guamues |
| 650 | 1 | 4 |
_aVegetación _992799 |
| 650 | 1 | 4 |
_aInventarios de vegetación _993148 |
| 650 | 1 | 4 |
_aCuencas hidrográficas _992255 |
| 651 | 4 |
_lLago Guamués _dNariño _pColombia _992749 |
|
| 041 | 0 | _aEspañol | |
| 700 | 1 |
_aGoyes Acosta, Rosa Inés _995729 |
|
| 100 | 1 |
_aGómez López, Irma Ligia _995730 |
|
| 942 | _cARTICULO | ||
| 773 | 1 |
_tTesis _3103 _q119-141 _d1992 |
|
| 999 |
_c11293 _d11293 |
||